Countries and Capitals within other Countries and Capitals - Statistics

General Stats
  • This quiz has been taken 17 times
  • The average score is 22 of 45
Answer Stats
Containee % Correct
Vatican City
86%
Vatican City
86%
San Marino
79%
San Marino
79%
Andorra
71%
Andorra la Vella
71%
Panama
71%
Panama City
71%
Guatemala
64%
Guatemala City
64%
Guinea
64%
Guinea-Bissau
64%
Mexico
64%
Mexico City
64%
Monaco
64%
Monaco
64%
Bissau
57%
Djibouti
57%
Djibouti
57%
Dominica
57%
Equatorial Guinea
57%
Kuwait
57%
Kuwait City
57%
Luxembourg
57%
Luxembourg
57%
Singapore
57%
Singapore
57%
Papua New Guinea
50%
Dominican Republic
43%
South Sudan
43%
Sudan
43%
Democratic Republic of the Congo
36%
Republic of the Congo
36%
Tunis
36%
Tunisia
36%
Niger
29%
Spain
29%
Mali
21%
Nigeria
21%
Port of Spain
21%
Somalia
14%
Iran
7%
São Tomé
7%
São Tomé and Príncipe
7%
Tirana
7%
No matching quizzes found
Score Distribution
Percent of People with Each Score
Percentile by Number Answered
Your Score History
You have not taken this quiz